| 000 | 00398nam a2200145Ia 4500 | ||
|---|---|---|---|
| 008 | 230711s9999||||xx |||||||||||||| ||und|| | ||
| 041 | _aENG | ||
| 082 |
_a621 _bOI-E |
||
| 100 | _aElgerd, Olle.I | ||
| 245 | 0 | _aElectrical energy system theory and introduction | |
| 250 | _a1st Ed. | ||
| 260 |
_c1982 _aNew Delhi _bTata McGraw Hill Education Limited |
||
| 650 | _aElectrical Engineering | ||
| 942 | _cBK | ||
| 999 |
_c1412 _d1412 |
||